|
|
|
|
| LEADER |
01122nam a2200289 a 4500 |
| 001 |
6464 |
| 003 |
BD-DhAAL |
| 008 |
090504s1986 enka b 001 0 eng d |
| 999 |
|
|
|c 360
|d 360
|
| 010 |
|
|
|a 76373022
|
| 020 |
|
|
|a 0632015640
|
| 020 |
|
|
|a 0632003979
|
| 040 |
|
|
|a DLC
|c DLC
|d DLC
|d BD-DhAAL
|
| 082 |
0 |
0 |
|a 618.92
|2 19
|
| 100 |
1 |
|
|a Meadow, S. R.
|9 41751
|
| 245 |
1 |
0 |
|a Lecture notes on paediatrics /
|c [by] S. R. Meadow, R. W. Smithells.
|
| 250 |
|
|
|a Fifth edition
|
| 260 |
|
|
|a Oxford [etc] :
|b Blackwell Scientific,
|c 1986.
|
| 300 |
|
|
|a ix, 321 pages :
|b illustrations ;
|c 19 cm.
|
| 500 |
|
|
|a Distributed in the United States of America by J. B. Lippincott, Philadelphia.
|
| 504 |
|
|
|a Includes bibliographical references and index.
|
| 541 |
|
|
|e 6464
|
| 650 |
|
0 |
|a Pediatrics.
|9 41752
|
| 700 |
1 |
|
|a Smithells, R. W.
|q (Richard Worthington)
|9 41753
|
| 852 |
|
|
|a Ayesha Abed Library
|c General Stacks
|
| 942 |
|
|
|2 ddc
|c BK
|
| 952 |
|
|
|0 0
|1 0
|2 ddc
|4 0
|6 618_920000000000000_MEA_1986
|7 0
|9 326
|a BRACUL
|b BRACUL
|c GEN
|d 2009-05-04
|g 0.00
|l 0
|o 618.92 MEA
|p 3010006464
|r 2009-05-04
|t 1
|w 2009-05-04
|y BK
|x No price found in the accession register.
|